| 000 | 01092nam a22003257a 4500 | ||
|---|---|---|---|
| 003 | CHAP | ||
| 005 | 20220329135641.0 | ||
| 008 | 971013s1993 r 00010 d | ||
| 010 | _a39936 | ||
| 011 | _a40908 | ||
| 035 | _a45034 | ||
| 040 | _cCHAP | ||
| 082 |
_a631.45 _bP55 |
||
| 100 | 0 | 0 |
_aPimentel, David _eed. _988100 |
| 245 | _aWorld soil erosion and conservation | ||
| 260 |
_aLondon : _bCambridge University Press, _c1993 |
||
| 300 | _a349 p. | ||
| 490 | _aCambridge studies in applied ecology and resource management | ||
| 590 |
_aBATCH-UPD _b10 _c20130110 _lUCH01 _h0121 |
||
| 590 |
_aBATCH-UPD _b10 _c20130110 _lUCH01 _h2005 |
||
| 590 |
_aBATCH-UPD _b10 _c20130410 _lUCH01 _h1325 |
||
| 590 |
_aBATCH-UPD _b10 _c20130914 _lUCH01 _h1316 |
||
| 590 |
_aCONVERSION _b10 _c20130109 _lUCH01 _h1322 |
||
| 650 | 1 | 4 |
_aErosión. _937335 |
| 650 | 1 | 4 |
_aSuelos _xConservación. _9110283 |
| 830 | 0 |
_aCambridge studies in applied ecology and resource management _917815 |
|
| 901 | _aBK | ||
| 942 | _cLIBRO | ||
| 949 |
_a631.45 P55 _bBC _cLIBRO _d33724000003760 _eLIBRO _gI.176593 _h88170 _i45034 _si _t317.85 |
||
| 999 |
_c39936 _d39936 |
||